№ 2 (334); Каротажник

書誌詳細
Parent link:Каротажник: научно-технический вестник/ Ассоциация "АИС". № 2 (334).— .— Тверь: АИС, 1992-.— 1810-5599
要約:Текстовый файл
AM_Agreement
言語:ロシア語
出版事項: 2025
オンライン・アクセス:https://elibrary.ru/contents.asp?id=81022817
フォーマット: MixedMaterials 電子媒体 図書
KOHA link:https://koha.lib.tpu.ru/cgi-bin/koha/opac-detail.pl?biblionumber=680831

MARC

LEADER 00000nam2a2200000 4500
001 680831
005 20250624120734.0
035 |a (RuTPU)RU\TPU\prd\292911 
035 |a RU\TPU\prd\291231 
090 |a 680831 
100 |a 20250624d2025 m||y0rusy50 ca 
101 0 |a rus 
102 |a RU 
135 |a drcn ---uucaa 
181 0 |a i   |b  e  
182 0 |a b 
183 0 |a cr  |2 RDAcarrier 
200 0 |a № 2 (334) 
203 |a Текст  |b визуальный  |c электронный 
210 |d 2025 
283 |a online_resource  |2 RDAcarrier 
320 |a Библиография в конце статей 
336 |a Текстовый файл 
371 0 |a AM_Agreement 
461 1 |0 397118  |9 397118  |t Каротажник  |o научно-технический вестник  |f Ассоциация "АИС"  |c Тверь  |n АИС  |d 1992-  |v № 2 (334)  |x 1810-5599 
801 0 |a RU  |b 63413507  |c 20250624  |g PSBO 
850 |a 63413507 
856 4 0 |u https://elibrary.ru/contents.asp?id=81022817  |z https://elibrary.ru/contents.asp?id=81022817 
942 |c CF